00698nam a2200205Ia 4500003000400000008004100004020002700045040000800072100002100080245009600101260004700197300001400244365001200258901002100270902003500291903003900326942001200365952009800377999001700475LDD181029s9999 xx 000 0 und d a9780521115902cP 45.00 cLDD aOlafsen, Jeffrey 0aExperimental and computational techniques in soft condensed matter physicscJeffrey Olafsen aNew YorkbCambridge University Pressc2010 aix, 328p. bP 45.00 a7832b11-10-2011 aIN1393b18-10-2011cFdTBBe53 aDiscount-15bReqst by : S. Gokhale 2ddccBK 00102ddc4070999051aLDDbLDDl0o530.41 Ex71p082386r2018-11-01v3491.10w2018-11-01yBK c99052d99052